[Event "Titled Tuesday intern op 23rd Apr Late"]
[Site "Chess.com INT"]
[Date "2024.04.23"]
[Round "5"]
[White "De Boer, Eelke"]
[Black "Yanchenko, Roman"]
[Result "0-1"]
[WhiteElo "2399"]
[BlackElo "2466"]
[PlyCount "48"]
[EventDate "2024.04.23"]
[EventType "swiss (blitz)"]
[EventRounds "11"]
[EventCountry "USA"]
[SourceTitle "CB18_2024"]
[SourceDate "2024.05.01"]
[SourceVersion "1"]
[SourceVersionDate "2024.05.01"]
[SourceQuality "2"]

1. e4 e6 2. d4 d5 3. Nc3 Bb4 4. e5 Ne7 5. a3 Bxc3+ 6. bxc3 b6 7. Qg4 0-0 8. Bg5 Nd7 9. Bd3 f5 10. exf6 Nxf6 11. Qe2 c5 12. c4 dxc4 13. Bxc4 Qxd4 14. Rd1 Qc3+ 15. Bd2 Qxc2 16. Nf3 Qe4 17. Be3 Ned5 18. Bd3 Qg4 19. h3 Qa4 20. Bc2 Qxa3 21. Bc1 Qc3+ 22. Kf1 Ba6 23. Qxa6 Qxc2 24. Re1 Ne4 0-1

[Event "Titled Tuesday intern op 16th Apr Late"]
[Site "Chess.com INT"]
[Date "2024.04.16"]
[Round "3"]
[White "Kuzmicz, Krystian"]
[Black "De Boer, Eelke"]
[Result "0-1"]
[WhiteElo "2471"]
[BlackElo "2399"]
[PlyCount "62"]
[EventDate "2024.04.16"]
[EventType "swiss (blitz)"]
[EventRounds "11"]
[EventCountry "USA"]
[SourceTitle "CB17_2024"]
[SourceDate "2024.04.24"]
[SourceVersion "1"]
[SourceVersionDate "2024.04.24"]
[SourceQuality "1"]

1. e4 c6 2. d4 d5 3. f3 g6 4. Nc3 Bg7 5. Be3 a6 6. Qd2 b5 7. Bd3 h5 8. Nge2 Nf6 9. e5 Ng8 10. f4 Nh6 11. g3 Bf5 12. Bf2 Bxd3 13. Qxd3 Nf5 14. h3 e6 15. 0-0-0 Nd7 16. g4 Ne7 17. Bh4 Qa5 18. Bxe7 Kxe7 19. f5 gxf5 20. gxf5 Bh6+ 21. Kb1 b4 22. fxe6 fxe6 23. Rhf1 bxc3 24. Qg6 Raf8 25. Rxf8 Bxf8 26. Rf1 Kd8 27. Qxe6 Qb5 28. b3 Qxe2 29. Qf7 Be7 30. Rc1 Rf8 31. Qe6 Rf1 0-1

[Event "Titled Tuesday intern op 02nd Apr Late"]
[Site "Chess.com INT"]
[Date "2024.04.02"]
[Round "3"]
[White "De Boer, Eelke"]
[Black "Mao, Fengxi"]
[Result "1-0"]
[WhiteElo "2399"]
[BlackElo "2132"]
[PlyCount "85"]
[EventDate "2024.04.02"]
[EventType "swiss (blitz)"]
[EventRounds "11"]
[EventCountry "USA"]
[SourceTitle "CB15_2024"]
[SourceDate "2024.04.10"]
[SourceVersion "1"]
[SourceVersionDate "2024.04.10"]
[SourceQuality "1"]

1. e4 c5 2. Nf3 Nc6 3. d4 cxd4 4. Nxd4 g6 5. c4 Bg7 6. Be3 Qb6 7. Nb3 Qd8 8. Nd4 Qb6 9. Nb3 Qd8 10. Qd2 Nf6 11. Nc3 0-0 12. Be2 d6 13. 0-0 a5 14. Rfe1 a4 15. Nd4 Nxd4 16. Bxd4 Qa5 17. Rad1 Be6 18. Bf1 Rfc8 19. Nd5 Qxd2 20. Rxd2 Bxd5 21. exd5 Nd7 22. Rxe7 Bxd4 23. Rxd4 Nc5 24. Rf4 Rf8 25. Rf6 Rad8 26. g4 h6 27. h4 Kg7 28. g5 hxg5 29. hxg5 a3 30. b4 Na4 31. Bd3 Nc3 32. Rxg6+ Kh8 33. Rh6+ Kg7 34. Rh7+ Kg8 35. g6 Nxa2 36. gxf7+ Rxf7 37. Rexf7 Nxb4 38. Bb1 a2 39. Bxa2 Nxa2 40. Rxb7 Nc3 41. Rbg7+ Kf8 42. Rh8+ Kxg7 43. Rxd8 1-0

[Event "Titled Tuesday intern op 13th Feb Early"]
[Site "Chess.com INT"]
[Date "2024.02.13"]
[Round "2"]
[White "De Boer, Eelke"]
[Black "Paravyan, David"]
[Result "1/2-1/2"]
[WhiteElo "2396"]
[BlackElo "2612"]
[PlyCount "130"]
[EventDate "2024.02.13"]
[EventType "swiss (blitz)"]
[EventRounds "11"]
[EventCountry "USA"]
[SourceTitle "CB08_2024"]
[SourceDate "2024.02.21"]
[SourceVersion "1"]
[SourceVersionDate "2024.02.21"]
[SourceQuality "1"]

1. e4 e5 2. Nf3 Nf6 3. d4 Nxe4 4. Bd3 d5 5. Nxe5 Nd7 6. Nc3 Bb4 7. 0-0 Nxe5 8. dxe5 Nxc3 9. bxc3 Bxc3 10. Rb1 0-0 11. Bxh7+ Kxh7 12. Qd3+ Kg8 13. Qxc3 a5 14. Rd1 Ra6 15. Qf3 Qh4 16. Rxd5 Qc4 17. Qb3 Rc6 18. Qxc4 Rxc4 19. Rxa5 Rxc2 20. Be3 b6 21. Ra8 Bf5 22. Rxf8+ Kxf8 23. Rc1 Rxc1+ 24. Bxc1 Be6 25. a3 Ke7 26. f3 Bd5 27. Kf2 Ke6 28. Bb2 c5 29. Ke3 b5 30. g4 g5 31. f4 gxf4+ 32. Kxf4 b4 33. axb4 cxb4 34. h4 Bb3 35. h5 Bd1 36. Kg3 b3 37. Kh4 Be2 38. g5 Bd3 39. g6 fxg6 40. h6 g5+ 41. Kxg5 Bh7 42. Kf4 Kd5 43. Kg5 Ke6 44. Ba1 Bb1 45. Kf4 Bh7 46. Ke3 Kd5 47. Kd2 Bg6 48. Kc1 Bh7 49. Bc3 Ke6 50. Kb2 Bc2 51. Ka3 Kf7 52. Kb2 Ke6 53. Ka3 Kf7 54. Kb4 Kg6 55. e6 Kxh6 56. e7 Bg6 57. Kxb3 Be8 58. Kc4 Kg6 59. Kc5 Kf7 60. Kd6 Ba4 61. Bb4 Be8 62. Kc7 Ba4 63. Kd8 Be8 64. Bc3 Ba4 65. e8Q+ Bxe8 1/2-1/2

[Event "Titled Tuesday intern op 06th Feb Early"]
[Site "Chess.com INT"]
[Date "2024.02.06"]
[Round "7"]
[White "De Boer, Eelke"]
[Black "Aravindh, Chithambaram VR"]
[Result "1-0"]
[WhiteElo "2396"]
[BlackElo "2662"]
[PlyCount "67"]
[EventDate "2024.02.06"]
[EventType "swiss (blitz)"]
[EventRounds "11"]
[EventCountry "USA"]
[SourceTitle "CB07_2024"]
[SourceDate "2024.02.14"]
[SourceVersion "1"]
[SourceVersionDate "2024.02.14"]
[SourceQuality "1"]

1. e4 e5 2. Nf3 Nc6 3. Bc4 Bc5 4. d3 d6 5. a4 f5 6. Ng5 Qf6 7. Nf7 fxe4 8. 0-0 Nh6 9. Bxh6 Rf8 10. Be3 Qg6 11. Kh1 Bg4 12. Qd2 Bxe3 13. fxe3 Be6 14. Nxd6+ cxd6 15. Rxf8+ Kxf8 16. Bxe6 Qxe6 17. dxe4 Kg8 18. Nc3 Rf8 19. Rd1 h6 20. h3 Kh7 21. Kg1 Rf6 22. Nd5 Rf7 23. Rf1 Rxf1+ 24. Kxf1 Qg6 25. Qd3 Nd8 26. Kg1 Ne6 27. Ne7 Qg3 28. Nf5 Qe1+ 29. Kh2 Ng5 30. h4 Nf7 31. Qd5 Kg8 32. Qe6 Qf2 33. Qe8+ Kh7 34. Qxf7 1-0

[Event "Titled Tuesday intern op 06th Feb Early"]
[Site "Chess.com INT"]
[Date "2024.02.06"]
[Round "11"]
[White "De Boer, Eelke"]
[Black "Kamsky, Gata"]
[Result "1-0"]
[WhiteElo "2396"]
[BlackElo "2623"]
[PlyCount "81"]
[EventDate "2024.02.06"]
[EventType "swiss (blitz)"]
[EventRounds "11"]
[EventCountry "USA"]
[SourceTitle "CB07_2024"]
[SourceDate "2024.02.14"]
[SourceVersion "1"]
[SourceVersionDate "2024.02.14"]
[SourceQuality "1"]

1. e4 g6 2. d4 Bg7 3. Nc3 d6 4. Be3 a6 5. Qd2 b5 6. 0-0-0 Bb7 7. f3 Nd7 8. h4 h5 9. Nh3 e6 10. Ng5 Ngf6 11. g3 Qe7 12. Bh3 c5 13. dxc5 dxc5 14. Bf4 b4 15. Bd6 bxc3 16. Qxc3 Qd8 17. Qb3 Qb6 18. Bxe6 Qxb3 19. Bxb3 0-0-0 20. Nxf7 Rde8 21. Nxh8 Rxh8 22. Bf7 Ne8 23. Bf4 Ne5 24. Be6+ Kb8 25. Rd7 Bf6 26. Rf7 Ka8 27. Rxf6 Nxf6 28. Bxe5 Re8 29. Bxf6 Rxe6 30. Bg5 Bc6 31. Rd1 Kb7 32. c4 Kc7 33. Bf4+ Kb7 34. Rd6 Rxd6 35. Bxd6 Kb6 36. Kd2 Bd7 37. Ke3 Kc6 38. Be7 Be6 39. b3 Bh3 40. Kf4 Bg2 41. g4 1-0

[Event "Hoogeveen op 26th"]
[Site "Hoogeveen"]
[Date "2023.10.23"]
[Round "3"]
[White "Maatman, Nick"]
[Black "De Boer, Eelke"]
[Result "0-1"]
[WhiteElo "2382"]
[BlackElo "2327"]
[PlyCount "106"]
[EventDate "2023.10.21"]
[EventType "swiss"]
[EventRounds "9"]
[EventCountry "NED"]
[SourceTitle "Mega2024 Update 01"]
[Source "Chessbase"]
[SourceDate "2023.11.12"]
[SourceVersion "1"]
[SourceVersionDate "2023.11.12"]
[SourceQuality "1"]

1. d4 Nf6 2. c4 e6 3. Nf3 d5 4. Nc3 c5 5. cxd5 Nxd5 6. e4 Nxc3 7. bxc3 cxd4 8. cxd4 Bb4+ 9. Bd2 Bxd2+ 10. Qxd2 0-0 11. Bc4 Nd7 12. 0-0 b6 13. Rfe1 Bb7 14. Rad1 Rc8 15. Bd3 h6 16. h3 Nf6 17. Qf4 Qc7 18. Qh4 Rfd8 19. Re3 Rd7 20. Bb5 Rdd8 21. Ba4 Qe7 22. Bb3 Qb4 23. a3 Qb5 24. d5 exd5 25. Nd4 Qc5 26. e5 Ne4 27. Nf5 Re8 28. Rxe4 dxe4 29. Qg4 Qxe5 30. Nxh6+ Kf8 31. Nxf7 Qb2 32. Qf5 Qf6 33. Qh7 e3 34. fxe3 Be4 35. Qh8+ Ke7 36. Qh5 Rc5 37. Qg4 Bf5 38. Qa4 a5 39. Rf1 Rec8 40. g4 Rc1 41. gxf5 Rxf1+ 42. Kxf1 Qxf5+ 43. Ke2 Rc3 44. Qh4+ g5 45. Qd4 Rxb3 46. Ne5 Rb1 47. Nf3 Qc2+ 48. Nd2 Qd1+ 49. Kd3 Rb3+ 50. Ke4 Qh1+ 51. Kf5 Qxh3+ 52. Kg6 Qe6+ 53. Kg7 Rxe3 0-1

[Event "Titled Tuesday intern op 26th Sep Early"]
[Site "Chess.com INT"]
[Date "2023.09.26"]
[Round "1"]
[White "Sailer, Mike L"]
[Black "De Boer, Eelke"]
[Result "0-1"]
[WhiteElo "2095"]
[BlackElo "2327"]
[PlyCount "66"]
[EventDate "2023.09.26"]
[EventType "swiss (blitz)"]
[EventRounds "11"]
[EventCountry "USA"]
[SourceTitle "EXT 2024"]
[Source "ChessBase"]
[SourceDate "2023.10.10"]
[SourceVersion "1"]
[SourceVersionDate "2023.10.10"]
[SourceQuality "1"]

1. d4 Nf6 2. Nc3 d5 3. Bf4 c5 4. e4 Nxe4 5. Nxe4 dxe4 6. dxc5 Qxd1+ 7. Rxd1 Bd7 8. Bc4 Nc6 9. Ne2 e5 10. Be3 f5 11. g3 0-0-0 12. a3 Be7 13. b4 g5 14. Nc3 f4 15. Bc1 Bg4 16. Rxd8+ Rxd8 17. 0-0 Rd4 18. Bd5 Bf3 19. Bb2 a5 20. Bxc6 bxc6 21. Na4 Rd2 22. Bxe5 e3 23. fxe3 Rg2+ 24. Kh1 Rxg3+ 25. Rxf3 Rxf3 26. exf4 gxf4 27. Kg2 Rxa3 28. Nb6+ Kd8 29. Bxf4 axb4 30. Nc4 Rc3 31. Nd6 Rxc2+ 32. Kf3 Bxd6 33. Bxd6 b3 0-1

[Event "Titled Tuesday intern op 19th Sep Early"]
[Site "Chess.com INT"]
[Date "2023.09.19"]
[Round "3"]
[White "De Boer, Eelke"]
[Black "Bornholdt, Joa Max"]
[Result "1-0"]
[WhiteElo "2327"]
[BlackElo "2269"]
[PlyCount "71"]
[EventDate "2023.09.19"]
[EventType "swiss (blitz)"]
[EventRounds "11"]
[EventCountry "USA"]
[SourceTitle "EXT 2024"]
[Source "ChessBase"]
[SourceDate "2023.10.10"]
[SourceVersion "1"]
[SourceVersionDate "2023.10.10"]
[SourceQuality "1"]

1. e4 e5 2. Nf3 Nc6 3. Bb5 g6 4. d4 exd4 5. c3 a6 6. Bxc6 dxc6 7. cxd4 Bg7 8. Bg5 Ne7 9. h3 h6 10. Be3 0-0 11. Nc3 Kh7 12. g4 f5 13. e5 Nd5 14. Qe2 Nxe3 15. Qxe3 fxg4 16. hxg4 Bxg4 17. Ng5+ Kg8 18. Nge4 Rf3 19. Qd2 Qe7 20. 0-0-0 Raf8 21. Rdg1 h5 22. Rh2 R8f4 23. Re1 Bh6 24. Nf6+ Kg7 25. Kb1 Kf8 26. Qc2 Bf5 27. Nfe4 Kg7 28. Rg2 Rxc3 29. bxc3 Qe6 30. f3 Rxf3 31. Rge2 Qd5 32. Kb2 Qb5+ 33. Ka1 h4 34. Qb3 Qb4 35. Qxb4 h3 36. Qe7+ 1-0

[Event "Titled Tuesday intern op 12th Sep Late"]
[Site "Chess.com INT"]
[Date "2023.09.12"]
[Round "8"]
[White "De Boer, Eelke"]
[Black "Pinero Rodriguez, Carlos Jose"]
[Result "0-1"]
[WhiteElo "2327"]
[BlackElo "2204"]
[PlyCount "34"]
[EventDate "2023.09.12"]
[EventType "swiss (blitz)"]
[EventRounds "11"]
[EventCountry "USA"]
[SourceTitle "EXT 2024"]
[Source "ChessBase"]
[SourceDate "2023.10.10"]
[SourceVersion "1"]
[SourceVersionDate "2023.10.10"]
[SourceQuality "1"]

1. e4 c5 2. Nf3 e6 3. d4 cxd4 4. Nxd4 a6 5. Bd3 Qc7 6. 0-0 Nf6 7. Qe2 h5 8. Nd2 Ng4 9. N2f3 Bc5 10. c3 Nc6 11. Bg5 Bxd4 12. h3 Ba7 13. hxg4 hxg4 14. Nh4 f6 15. Qxg4 Ne5 16. Qg3 fxg5 17. Ng6 Nf3+ 0-1